000 00236nam a22000857a 4500
008 161115b xxu||||| |||| 00| 0 eng d
100 _91204
_aNational book trust
245 _aFestivals in india
260 _aNew Delhi
_bNational book trust
_c2006
999 _c3895
_d3895